Database System Concepts (Record no. 12250)
[ view plain ]
| 000 -LEADER | |
|---|---|
| fixed length control field | 00360nam a22001577a 4500 |
| 003 - CONTROL NUMBER IDENTIFIER | |
| control field | OSt |
| 008 - FIXED-LENGTH DATA ELEMENTS--GENERAL INFORMATION | |
| fixed length control field | 240322b |||||||| |||| 00| 0 eng d |
| 100 ## - MAIN ENTRY--PERSONAL NAME | |
| Personal name | SILBERSCHATZ,Abraham |
| 245 ## - TITLE STATEMENT | |
| Title | Database System Concepts |
| 250 ## - EDITION STATEMENT | |
| Edition statement | 7th Ed |
| 260 ## - PUBLICATION, DISTRIBUTION, ETC. (IMPRINT) | |
| Place of publication, distribution, etc | New Delhi |
| Name of publisher, distributor, etc | TMH |
| 300 ## - PHYSICAL DESCRIPTION | |
| Extent | 1344 |
| 700 ## - ADDED ENTRY--PERSONAL NAME | |
| Personal name | KORTH,Henry F |
| 700 ## - ADDED ENTRY--PERSONAL NAME | |
| Personal name | SUDARSHAN,S |
| 942 ## - ADDED ENTRY ELEMENTS (KOHA) | |
| Source of classification or shelving scheme | Dewey Decimal Classification |
| Koha item type | Reference Books |
| Withdrawn status | Lost status | Source of classification or shelving scheme | Damaged status | Not for loan | Collection code | Home library | Current library | Date acquired | Source of acquisition | Currency | Cost, normal purchase price | Bill Number | Total Checkouts | Full call number | Acc. no. / Barcode | Date last seen | Actual Cost, discounted price | Bill Date | Koha item type |
|---|---|---|---|---|---|---|---|---|---|---|---|---|---|---|---|---|---|---|---|
| Dewey Decimal Classification | Computer Science and Engineering in AI & Machine Learning | PIET C-LIBRARY | PIET C-LIBRARY | 08/03/2024 | Zafaa Books and Distributors | In rupees | 1160.00 | ZBD0412 | 005.74 SID | 35577 | 22/03/2024 | 788.80 | 08/03/2024 | Reference Books |